| 000 | 01659nam a22002297a 4500 | ||
|---|---|---|---|
| 999 |
_c56950 _d56950 |
||
| 003 | Ge_BSU | ||
| 005 | 20221221152257.0 | ||
| 008 | 190711s2019 ||||| |||| 00| 0 geo d | ||
| 041 | _ageo | ||
| 080 | _a005(479.22) ბ-37 | ||
| 100 |
_aბახტაძე, მირზა. _93218 |
||
| 245 |
_aინოვაციური მენეჯმენტის განვითარების პერსპექტივები საქართველოში / _cმირზა ბახტაძე ; სამეცნ. ხელმძღ : გელა მამულაძე. |
||
| 264 |
_aბათუმი : _bშოთა რუსთაველის სახელმწიფო უნვ - ტი, _c2019. |
||
| 300 |
_a158 გვ .: _c30 სმ. |
||
| 653 | _aინოვაციური მენეჯმენტის განვითარების პერსპექტივები საქართველოში | ||
| 653 | _aმენეჯმენტი | ||
| 653 | _aდისერტაცია | ||
| 700 |
_aმამულაძე, გელა _eსამეცნიერო ხელმძღვანელი _93219 |
||
| 710 |
_aბათუმის შოთა რუსთაველის სახელმწიფო უნ-ტი _92660 |
||
| 710 |
_aეკონომიკისა და ბიზნესის ფაკულტეტი ბიზნესის ადმინისტრირების, მენეჯმენტისა და მარკეტინგის დეპარტამენტი _93220 |
||
| 942 |
_2udc _cDS |
||